Länder mit Z - Statistiken

Allgemein
  • Dieses Quiz wurde 449 mal gespielt
  • Das Durchschnittsergebnis liegt bei 4 aus 7
Antwortstatistiken
Country % Korrekt
Zypern
96%
Zentralafrikanische Republik
76%
Belize
41%
Mazedonien
40%
Schweiz
40%
Venezuela
38%
Bosnien und Herzegowina
28%
Keine übereinstimmenden Quizze gefunden
Verteilung der Resultate
Anzahl Personen mit jedem Resultat
Perzentil nach korrekt beantworteten Fragen
Ihre Resultats-Entwicklung
Sie haben dieses Quiz noch nicht gespielt